-
Wheelen, thomas L & Hunger, J. David
Entry Personal Name
Number of records used in: 2
001 - CONTROL NUMBER
003 - CONTROL NUMBER IDENTIFIER
005 - DATE AND TIME OF LATEST TRANSACTION
- control field:
20160524113222.0
008 - FIXED-LENGTH DATA ELEMENTS
- fixed length control field:
160524|| aca||aabn | a|a d
040 ## - CATALOGING SOURCE
- Original cataloging agency:
OSt
- Transcribing agency:
OSt
100 ## - HEADING--PERSONAL NAME
- Personal name:
Wheelen, thomas L & Hunger, J. David
670 ## - SOURCE DATA FOUND
- Source citation:
Work cat.: (OSt): Wheelen, thomas L & Hunger, J. David, Strategic Mgt. and Business Policy